[Event "Cap d'Agde Cavalier op"]
[Site "Cap d'Agde"]
[Date "2008.10.31"]
[Round "8"]
[White "Houriez, Alain"]
[Black "Armas, Lara Maria"]
[Result "1/2-1/2"]
[WhiteElo "2049"]
[BlackElo "1920"]
[PlyCount "137"]
[EventDate "2008.10.25"]
[EventType "swiss"]
[EventRounds "9"]
[EventCountry "FRA"]
[SourceTitle "EXT 2010"]
[Source "ChessBase"]
[SourceDate "2010.11.25"]
[SourceVersion "1"]
[SourceVersionDate "2010.11.25"]
[SourceQuality "1"]

1. Nf3 d5 2. c4 e6 3. g3 Nf6 4. Bg2 Bd6 5. Nc3 0-0 6. d4 b6 7. Bg5 Bb7 8. cxd5 exd5 9. 0-0 h6 10. Bxf6 Qxf6 11. Nb5 Nd7 12. Rc1 c6 13. Nxd6 Qxd6 14. Qa4 Rfe8 15. e3 c5 16. Qa3 Qe6 17. dxc5 bxc5 18. Rfd1 Rec8 19. Nd2 Rc7 20. Nb3 Rac8 21. Rd2 a6 22. Rdc2 Qb6 23. Bh3 c4 24. Nd4 Re8 25. b3 Ne5 26. Bf1 Rec8 27. bxc4 Nxc4 28. Qa4 a5 29. Qb5 Qxb5 30. Nxb5 Rc5 31. Nd6 R8c7 32. Nxc4 dxc4 33. Rxc4 Rxc4 34. Rxc4 Rd7 35. Rd4 Rxd4 36. exd4 Bd5 37. a3 Kf8 38. Bg2 Bc4 39. f4 Ke7 40. Kf2 Kd6 41. Ke3 Be6 42. Be4 Bc4 43. Kd2 Bb3 44. Kc3 Be6 45. Bd3 f6 46. f5 Bc8 47. Be4 Bd7 48. Kd3 Ba4 49. Ke3 Bb3 50. Kf4 Bd1 51. h4 Be2 52. g4 Bd1 53. g5 hxg5+ 54. hxg5 Be2 55. gxf6 gxf6 56. Ke3 Bb5 57. Bd3 Ba4 58. Bc4 Bd7 59. Ke4 Be8 60. Be6 Bh5 61. Kd3 Be8 62. Kc4 Ba4 63. Bc8 Bc6 64. d5 Ba4 65. Bb7 Bd7 66. Bc6 Bxf5 67. Kb5 Be4 68. Kxa5 Bxd5 69. Bb5 1/2-1/2

[Event "Le Touquet op 20th"]
[Site "Le Touquet"]
[Date "2005.10.27"]
[Round "7"]
[White "Houriez, Alain"]
[Black "Cappon, John"]
[Result "1/2-1/2"]
[WhiteElo "2013"]
[BlackElo "2197"]
[PlyCount "53"]
[EventDate "2005.10.23"]
[EventType "swiss"]
[EventRounds "9"]
[EventCountry "FRA"]
[SourceTitle "EXT 2006"]
[Source "ChessBase"]
[SourceDate "2005.11.24"]
[SourceVersion "1"]
[SourceVersionDate "2005.11.24"]
[SourceQuality "1"]

1. e4 c5 2. Nc3 Nc6 3. g3 g6 4. Bg2 Bg7 5. d3 Rb8 6. Be3 b5 7. Qd2 b4 8. Nd1 d6 9. f4 Qb6 10. Nf3 Nd4 11. 0-0 e6 12. Ne1 Ne7 13. c4 0-0 14. Bxd4 Bxd4+ 15. Kh1 a5 16. Nf3 Bg7 17. Qc2 Nc6 18. Nf2 Nd4 19. Nxd4 Bxd4 20. Bh3 f5 21. Bg2 Bb7 22. Rae1 Rbe8 23. b3 Bc6 24. Nd1 Qb7 25. exf5 exf5 26. Bxc6 Qxc6+ 27. Qg2 1/2-1/2

[Event "FRA-chT3 North 0304"]
[Site "France"]
[Date "2004.04.03"]
[Round "8.4"]
[White "Vanacker, Stephane"]
[Black "Houriez, Alain"]
[Result "0-1"]
[WhiteElo "2089"]
[BlackElo "2071"]
[PlyCount "60"]
[EventDate "2003.11.??"]
[EventType "team"]
[EventRounds "9"]
[EventCountry "FRA"]
[SourceTitle "EXT 2006"]
[Source "ChessBase"]
[SourceDate "2005.11.24"]
[SourceVersion "1"]
[SourceVersionDate "2005.11.24"]
[SourceQuality "1"]
[WhiteTeam "Neuville en Ferrain"]
[BlackTeam "Aulnoye"]
[WhiteTeamCountry "FRA"]
[BlackTeamCountry "FRA"]

1. d4 g6 2. Nf3 Bg7 3. Bg5 c5 4. c3 cxd4 5. cxd4 Qb6 6. Qc1 Nc6 7. e3 d5 8. Nc3 Bg4 9. Bb5 Bxf3 10. gxf3 e6 11. a4 a5 12. Qd2 Nge7 13. Bf4 Rd8 14. Rd1 0-0 15. Be2 f6 16. Nb5 e5 17. dxe5 fxe5 18. Bg5 Bf6 19. f4 Bxg5 20. fxg5 d4 21. Bc4+ Kg7 22. 0-0 Nf5 23. e4 Nd6 24. Nxd6 Rxd6 25. Qd3 Rf4 26. Qh3 Qd8 27. Qh6+ Kh8 28. Bd5 Ne7 29. Ba2 Rxe4 30. h4 Nf5 0-1

[Event "FRA-chT3 North 0304"]
[Site "France"]
[Date "2004.03.14"]
[Round "7.4"]
[White "Houriez, Alain"]
[Black "Ramon, Didier"]
[Result "1/2-1/2"]
[WhiteElo "2071"]
[BlackElo "2198"]
[PlyCount "69"]
[EventDate "2003.11.??"]
[EventType "team"]
[EventRounds "9"]
[EventCountry "FRA"]
[SourceTitle "EXT 2006"]
[Source "ChessBase"]
[SourceDate "2005.11.24"]
[SourceVersion "1"]
[SourceVersionDate "2005.11.24"]
[SourceQuality "1"]
[WhiteTeam "Aulnoye"]
[BlackTeam "Lille II"]
[WhiteTeamCountry "FRA"]
[BlackTeamCountry "FRA"]

1. e4 c5 2. Nc3 Nc6 3. f4 e6 4. Nf3 a6 5. a4 d5 6. d3 d4 7. Ne2 f5 8. e5 Nge7 9. g3 Nd5 10. Bg2 Be7 11. 0-0 b6 12. c3 Bb7 13. c4 Ndb4 14. Kh1 Qd7 15. Ne1 0-0-0 16. Nc2 Nxc2 17. Qxc2 Nb4 18. Qb1 Bxg2+ 19. Kxg2 Qb7+ 20. Kf2 a5 21. Bd2 h6 22. Bxb4 cxb4 23. Rg1 g5 24. Qf1 Kb8 25. Qg2 Qd7 26. b3 Rdg8 27. Qf3 g4 28. Qg2 h5 29. Ke1 Rh6 30. Kd2 h4 31. h3 hxg3 32. hxg4 Rxg4 33. Rh1 Bf8 34. Rxh6 Bxh6 35. Rh1 1/2-1/2

[Event "FRA-chT3 North 0304"]
[Site "France"]
[Date "2004.02.01"]
[Round "6.3"]
[White "Houriez, Alain"]
[Black "Dumortier, Thierry"]
[Result "1-0"]
[WhiteElo "2071"]
[BlackElo "1970"]
[PlyCount "146"]
[EventDate "2003.11.??"]
[EventType "team"]
[EventRounds "9"]
[EventCountry "FRA"]
[SourceTitle "EXT 2006"]
[Source "ChessBase"]
[SourceDate "2005.11.24"]
[SourceVersion "1"]
[SourceVersionDate "2005.11.24"]
[SourceQuality "1"]
[WhiteTeam "Aulnoye"]
[BlackTeam "Chauny St Quentin"]
[WhiteTeamCountry "FRA"]
[BlackTeamCountry "FRA"]

1. e4 Nf6 2. Nc3 d5 3. e5 Nfd7 4. e6 fxe6 5. d4 Nc6 6. Bb5 Nf6 7. Nf3 Qd6 8. 0-0 Bd7 9. Re1 Nd8 10. Qe2 c6 11. Bd3 c5 12. dxc5 Qxc5 13. Bf4 a6 14. Rad1 Nf7 15. Nb1 g6 16. c4 Bg7 17. cxd5 Nxd5 18. Bg3 0-0 19. Nbd2 Qb6 20. Nc4 Qc5 21. Nfe5 Nxe5 22. Bxe5 Bxe5 23. Nxe5 Nf4 24. Qe3 Qxe3 25. Rxe3 Nxd3 26. Rexd3 Bb5 27. R3d2 Rf5 28. Nf3 Rc8 29. h3 Kf7 30. b3 Bc6 31. Nd4 Rd5 32. f4 Rc5 33. Kf2 Bd5 34. g4 Rc3 35. Rd3 Rxd3 36. Rxd3 Rc1 37. Nf3 Bxf3 38. Kxf3 Rc2 39. a4 b5 40. axb5 axb5 41. Ke4 h6 42. Kd4 Kf6 43. Ke4 Rc5 44. h4 h5 45. g5+ Kf7 46. Rh3 Rc1 47. Kd4 Ke8 48. Re3 Kf7 49. Re5 Rf1 50. Ke4 Rh1 51. Rxb5 Rxh4 52. b4 Rh3 53. Ra5 Rb3 54. b5 h4 55. Kd4 h3 56. Kc4 h2 57. Ra1 Rh3 58. Rh1 Ke8 59. Kc5 Kd7 60. Kb6 Kc8 61. Rc1+ Kb8 62. Rd1 Rh8 63. Rh1 Rh3 64. Rd1 Rh8 65. Rh1 Rh3 66. Kc6 Rc3+ 67. Kd7 Rf3 68. Rxh2 Kb7 69. Rh6 Rxf4 70. Kxe6 Re4+ 71. Kf7 e5 72. Rxg6 Rf4+ 73. Ke6 e4 1-0

[Event "Bethune-A"]
[Site "Bethune"]
[Date "2002.07.07"]
[Round "2.2"]
[White "Houriez, Alain"]
[Black "Benifei, Patrick"]
[Result "1-0"]
[WhiteElo "2035"]
[BlackElo "2190"]
[PlyCount "105"]
[EventDate "2002.07.06"]
[EventType "tourn"]
[EventRounds "9"]
[EventCountry "FRA"]
[SourceTitle "EXT 2005"]
[Source "ChessBase"]
[SourceDate "2004.11.15"]
[SourceVersion "1"]
[SourceVersionDate "2004.11.15"]
[SourceQuality "1"]

1. e4 e6 2. Qe2 Nc6 3. Nf3 Bc5 4. c3 d5 5. d4 dxe4 6. Ng5 Be7 7. Nxe4 Nf6 8. Bf4 Nxe4 9. Qxe4 Bd6 10. Nd2 Ne7 11. 0-0-0 Bxf4 12. Qxf4 0-0 13. Bd3 Nd5 14. Qe5 f5 15. f4 Qd6 16. Qxd6 cxd6 17. g3 Bd7 18. Nc4 Rad8 19. Rhe1 Bc8 20. Re2 Kf7 21. Rde1 g6 22. Kd2 Rfe8 23. a4 Nf6 24. a5 a6 25. Bc2 Re7 26. Nb6 d5 27. Ba4 Ne4+ 28. Kd3 Rc7 29. Rc1 Nd6 30. b3 Nb5 31. Rec2 Na3 32. Rb2 Nb5 33. Re2 h5 34. Rd2 Na7 35. Rdc2 Nb5 36. Bxb5 axb5 37. h4 Bd7 38. Re1 Bc6 39. Ra2 Kf6 40. Rea1 Rh7 41. Kc2 Rd6 42. Kb2 Rc7 43. Ka3 Be8 44. Kb4 Rcc6 45. Rc1 Kg7 46. Rd2 Kf6 47. Rcc2 Rc7 48. c4 Rdc6 49. c5 Ke7 50. Re2 Kd8 51. Re5 Re7 52. Rce2 Bf7 53. Kxb5 1-0

[Event "Bethune-A"]
[Site "Bethune"]
[Date "2002.07.06"]
[Round "1.4"]
[White "Bessat, Remy"]
[Black "Houriez, Alain"]
[Result "1/2-1/2"]
[WhiteElo "2017"]
[BlackElo "2035"]
[PlyCount "179"]
[EventDate "2002.07.06"]
[EventType "tourn"]
[EventRounds "9"]
[EventCountry "FRA"]
[SourceTitle "EXT 2005"]
[Source "ChessBase"]
[SourceDate "2004.11.15"]
[SourceVersion "1"]
[SourceVersionDate "2004.11.15"]
[SourceQuality "1"]

1. e3 e5 2. c4 Nc6 3. Nc3 g6 4. d4 d6 5. d5 Nce7 6. Nf3 Bg7 7. Be2 f5 8. e4 Nf6 9. exf5 gxf5 10. Bg5 0-0 11. 0-0 h6 12. Bc1 Ng6 13. Re1 Nh7 14. Bf1 Rf7 15. g3 Qf6 16. Bg2 Bd7 17. Ne2 Re8 18. Bd2 Ng5 19. Bc3 Ne4 20. Bb4 b6 21. Rf1 a5 22. Be1 Nc5 23. b4 axb4 24. Bxb4 Na4 25. Rb1 f4 26. Nc3 Nxc3 27. Bxc3 Qe7 28. Re1 Bf5 29. Rb2 Qd7 30. Nd2 Ref8 31. Ne4 Bg4 32. Qd3 Ne7 33. Rd2 Bh3 34. Qf1 Bxg2 35. Qxg2 Qf5 36. g4 Qg6 37. f3 Ra8 38. h4 h5 39. Ng5 Rf6 40. Ne4 Rff8 41. Ng5 Kh8 42. Ne6 Rg8 43. Kh1 Bf6 44. g5 Bg7 45. Qh3 Ra4 46. Re4 Nf5 47. Nxg7 Ng3+ 48. Qxg3 fxg3 49. Ne6 Qf5 50. Kg2 Ra3 51. Rd3 Rxa2+ 52. Kxg3 Ra4 53. Rde3 Rga8 54. Nf4 b5 55. Nxh5 Rxc4 56. Rxe5 dxe5 57. Bxe5+ Kg8 58. Nf6+ Kf7 59. f4 b4 60. h5 Rxf4 61. Bxf4 Ra3 62. Rxa3 bxa3 63. Ng4 Qd3+ 64. Kh4 Qxd5 65. g6+ Ke7 66. Bg5+ Ke6 67. g7 Kd6 68. h6 a2 69. Bf6 Qh1+ 70. Kg5 Qc1+ 71. Kg6 Qc2+ 72. Kg5 Qc1+ 73. Kg6 Qc2+ 74. Kg5 Qh7 75. Be5+ Ke6 76. Bc3 Qf5+ 77. Kh4 Kf7 78. Bd4 Qf4 79. Bc3 Qf1 80. Ne5+ Kg8 81. Ng6 Qh1+ 82. Kg5 Qg2+ 83. Kf5 Qf3+ 84. Kg5 Qg3+ 85. Kf5 Qd3+ 86. Kg5 Qe3+ 87. Kh5 Qh3+ 88. Kg5 Qg3+ 89. Kf5 Qd3+ 90. Kg5 1/2-1/2

[Event "Le Touquet op 16th"]
[Site "Le Touquet"]
[Date "2001.10.30"]
[Round "6"]
[White "Hautot, Stephane"]
[Black "Houriez, Alain"]
[Result "1-0"]
[WhiteElo "2247"]
[BlackElo "2047"]
[PlyCount "37"]
[EventDate "2001.10.27"]
[EventType "swiss"]
[EventRounds "9"]
[EventCountry "FRA"]
[SourceTitle "EXT 2002"]
[Source "ChessBase"]
[SourceDate "2001.11.25"]
[SourceVersion "1"]
[SourceVersionDate "2001.11.25"]
[SourceQuality "1"]

1. e4 e6 2. d4 d5 3. Nc3 Bb4 4. e5 c5 5. Qg4 Ne7 6. Nf3 cxd4 7. Nxd4 Qc7 8. Bb5+ Bd7 9. 0-0 Bxc3 10. bxc3 a6 11. Bd3 g6 12. Ba3 Qxe5 13. Rfe1 h5 14. Qf3 Qg7 15. Rab1 b5 16. Bxe7 Kxe7 17. Qxd5 Nc6 18. Qc5+ Ke8 19. Nxc6 1-0

[Event "Cannes Martinez op"]
[Site "Cannes"]
[Date "1996.??.??"]
[Round "9"]
[White "Coutton, Sylvain"]
[Black "Houriez, Alain"]
[Result "0-1"]
[WhiteElo "2155"]
[BlackElo "2090"]
[PlyCount "52"]
[EventDate "1996.08.??"]
[EventType "swiss"]
[EventRounds "9"]
[EventCountry "FRA"]
[SourceTitle "EXT 1998"]
[Source "ChessBase"]
[SourceDate "1997.11.17"]
[SourceVersion "1"]
[SourceVersionDate "1997.11.17"]
[SourceQuality "1"]

1. d4 e6 2. c4 Bb4+ 3. Bd2 a5 4. e4 Nc6 5. Nf3 d6 6. a3 Bxd2+ 7. Qxd2 Nh6 8. Nc3 0-0 9. Bd3 e5 10. d5 Ne7 11. 0-0 Ng6 12. b4 Bg4 13. Qe3 f5 14. Bc2 fxe4 15. Bxe4 Nf5 16. Bxf5 Rxf5 17. Nd2 Rh5 18. Nde4 Nf4 19. c5 Qe7 20. Rfe1 Rf8 21. Qg3 Bc8 22. cxd6 cxd6 23. Kh1 Rh6 24. Rg1 Rf5 25. Nd2 Rg5 26. Qe3 Rxh2+ 0-1

[Event "Cannes Martinez op"]
[Site "Cannes"]
[Date "1996.??.??"]
[Round "7"]
[White "De Labaca, Romuald"]
[Black "Houriez, Alain"]
[Result "0-1"]
[WhiteElo "1850"]
[BlackElo "2090"]
[PlyCount "160"]
[EventDate "1996.08.??"]
[EventType "swiss"]
[EventRounds "9"]
[EventCountry "FRA"]
[SourceTitle "EXT 1998"]
[Source "ChessBase"]
[SourceDate "1997.11.17"]
[SourceVersion "1"]
[SourceVersionDate "1997.11.17"]
[SourceQuality "1"]

1. e4 c5 2. Nf3 Nc6 3. d4 cxd4 4. Nxd4 Nf6 5. Nc3 e5 6. Ndb5 d6 7. Bg5 a6 8. Na3 b5 9. Nd5 Be7 10. Bxf6 Bxf6 11. c3 0-0 12. h4 Rb8 13. Nc2 a5 14. Nce3 b4 15. c4 Nd4 16. Bd3 Be6 17. g3 Re8 18. Kf1 Rb7 19. Kg2 Bxd5 20. Nxd5 Be7 21. Qg4 Qd7 22. Qxd7 Rxd7 23. Rhe1 Rb8 24. Rac1 Bf8 25. f3 Ra7 26. Kf2 f6 27. Rh1 Kf7 28. h5 Ne6 29. Ke2 Be7 30. Nxe7 Kxe7 31. Kd2 Rc7 32. Rh2 Nd4 33. Ke3 h6 34. Rf2 Ne6 35. Rh2 a4 36. Rf2 Nc5 37. Rh2 Rcc8 38. Rg2 Rg8 39. Rf2 a3 40. b3 Kf7 41. Bc2 Ne6 42. Rh1 Rh8 43. Rd2 Nd4 44. Bd1 g6 45. g4 gxh5 46. Rxh5 Rbd8 47. Rdh2 Kg7 48. Rh1 Ne6 49. R5h2 Nf4 50. Bc2 Kg6 51. Rg1 Rh7 52. Rgh1 h5 53. gxh5+ Rxh5 54. Rxh5 Nxh5 55. Rd1 Nf4 56. c5 Rc8 57. Rxd6 Rxc5 58. Rd2 Rc3+ 59. Kf2 Ne6 60. Bd1 Nd4 61. Kg3 Kg5 62. Be2 Rc2 63. Rxc2 Nxc2 64. Bd3 Nd4 65. Bc4 Nc6 66. Be6 Ne7 67. Bd7 Ng6 68. Bb5 Nf4 69. Bc4 Nh5+ 70. Kf2 Kf4 71. Be6 Ng7 72. Bd7 Nh5 73. Be6 Ng3 74. Bd7 Nxe4+ 75. fxe4 Kxe4 76. Ke2 f5 77. Bb5 f4 78. Bd3+ Kd4 79. Kd2 e4 80. Be2 f3 0-1

[Event "Cannes Martinez op"]
[Site "Cannes"]
[Date "1996.??.??"]
[Round "1"]
[White "Nataf, Igor Alexandre"]
[Black "Houriez, Alain"]
[Result "1-0"]
[WhiteElo "2305"]
[BlackElo "2090"]
[PlyCount "53"]
[EventDate "1996.08.??"]
[EventType "swiss"]
[EventRounds "9"]
[EventCountry "FRA"]
[SourceTitle "EXT 1998"]
[Source "ChessBase"]
[SourceDate "1997.11.17"]
[SourceVersion "1"]
[SourceVersionDate "1997.11.17"]
[SourceQuality "1"]

1. d4 Nf6 2. Bg5 c5 3. Nc3 cxd4 4. Qxd4 Nc6 5. Qh4 Qa5 6. 0-0-0 d6 7. e4 Be6 8. a3 Rc8 9. f4 Nd8 10. f5 Bc4 11. e5 Bxf1 12. exf6 gxf6 13. Bxf6 Bxg2 14. Bxh8 Bxh1 15. Qxh7 Rc5 16. Rf1 b5 17. Nge2 Bd5 18. Qg8 b4 19. Bg7 bxc3 20. Qxf8+ Kd7 21. Bxc3 Qa6 22. Re1 Nc6 23. Nd4 Ne5 24. f6 exf6 25. Nf5 Rc6 26. Rd1 Ke6 27. Ng7+ 1-0

[Event "Cappelle op 11th"]
[Site "Cappelle la Grande"]
[Date "1995.??.??"]
[Round "2"]
[White "Erneste, Inguna"]
[Black "Houriez, Alain"]
[Result "1/2-1/2"]
[WhiteElo "2290"]
[BlackElo "2090"]
[PlyCount "57"]
[EventDate "1995.03.??"]
[EventType "swiss"]
[EventRounds "9"]
[EventCountry "FRA"]
[SourceTitle "EXT 1997"]
[Source "ChessBase"]
[SourceDate "1996.11.15"]
[SourceVersion "1"]
[SourceVersionDate "1996.11.15"]
[SourceQuality "1"]

1. e4 c5 2. Nf3 Nc6 3. d4 cxd4 4. Nxd4 Nf6 5. Nc3 e5 6. Ndb5 d6 7. Bg5 a6 8. Na3 b5 9. Nd5 Be7 10. Bxf6 Bxf6 11. c3 0-0 12. Nc2 Rb8 13. Qd3 Bg5 14. Rd1 a5 15. Be2 f5 16. Bf3 f4 17. 0-0 Be6 18. Na3 b4 19. Nb5 Kh8 20. Be2 Rb7 21. f3 h5 22. Rd2 Bh4 23. Rfd1 g5 24. cxb4 g4 25. Ndc7 Rxc7 26. Qxd6 Rd7 27. Qxe6 Rxd2 28. Qh6+ Kg8 29. Qg6+ 1/2-1/2

[Event "Cannes Martinez op"]
[Site "Cannes"]
[Date "1995.??.??"]
[Round "3"]
[White "Houriez, Alain"]
[Black "Caruso, Augusto"]
[Result "0-1"]
[WhiteElo "2065"]
[BlackElo "2220"]
[PlyCount "56"]
[EventDate "1995.07.??"]
[EventType "swiss"]
[EventRounds "9"]
[EventCountry "FRA"]
[SourceTitle "EXT 1998"]
[Source "ChessBase"]
[SourceDate "1997.11.17"]
[SourceVersion "1"]
[SourceVersionDate "1997.11.17"]
[SourceQuality "1"]

1. e4 e5 2. Nf3 Nc6 3. Bc4 Nf6 4. Ng5 d5 5. exd5 b5 6. Bf1 h6 7. Nxf7 Kxf7 8. dxc6 Be6 9. Qe2 a6 10. Nc3 Bc5 11. d3 Rf8 12. Be3 Bxe3 13. Qxe3 Kg8 14. Be2 b4 15. Ne4 Nd5 16. Qd2 Qe7 17. a3 a5 18. 0-0 Qh4 19. axb4 axb4 20. Rxa8 Rxa8 21. Bf3 Rf8 22. Nc5 Rxf3 23. Nxe6 Rf5 24. Nc5 Rh5 25. h3 Nf4 26. Qe3 Rg5 27. g3 Qxh3 28. Qf3 Rh5 0-1

[Event "Cannes Martinez op"]
[Site "Cannes"]
[Date "1995.??.??"]
[Round "8"]
[White "Houriez, Alain"]
[Black "Moulain, Jean Pierre"]
[Result "1-0"]
[WhiteElo "2065"]
[BlackElo "2220"]
[PlyCount "135"]
[EventDate "1995.07.??"]
[EventType "swiss"]
[EventRounds "9"]
[EventCountry "FRA"]
[SourceTitle "EXT 1998"]
[Source "ChessBase"]
[SourceDate "1997.11.17"]
[SourceVersion "1"]
[SourceVersionDate "1997.11.17"]
[SourceQuality "1"]

1. e4 e5 2. Nf3 Nc6 3. Bc4 Bc5 4. c3 Nf6 5. d4 exd4 6. cxd4 Bb4+ 7. Nc3 d5 8. exd5 Nxd5 9. Bg5 Nxc3 10. bxc3 Bxc3+ 11. Kf1 f6 12. Rc1 Bxd4 13. Nxd4 Qxd4 14. Qh5+ g6 15. Qe2+ Ne7 16. Re1 Qd6 17. Bf4 Qc5 18. Be3 Qb4 19. Bd2 Qd6 20. Bf4 Qd7 21. Bh6 c6 22. h4 b5 23. Rh3 a5 24. Re3 Ra7 25. Be6 Qd6 26. Bxc8 Kd8 27. Kg1 Kxc8 28. Rxe7 Rd7 29. Rxd7 Qxd7 30. Bf4 Rd8 31. Qe6 f5 32. Bg5 Qxe6 33. Rxe6 Rd1+ 34. Kh2 Rd7 35. Rxc6+ Kb7 36. Re6 b4 37. Re7 Rxe7 38. Bxe7 Kc6 39. Kg1 Kb5 40. Bf6 Kc4 41. Kf1 Kd3 42. f3 a4 43. Kf2 f4 44. g3 fxg3+ 45. Kxg3 Ke3 46. Bg7 h5 47. Be5 b3 48. axb3 axb3 49. Bb2 Ke2 50. Kf4 Kf2 51. Bd4+ Kg2 52. Be5 Kf2 53. Ke4 Kg2 54. Kd3 Kxf3 55. Kc3 Ke4 56. Bf6 Kf5 57. Bg5 Ke6 58. Kxb3 Kd5 59. Kc3 Kc5 60. Kd3 Kd5 61. Bf4 Ke6 62. Ke4 Kf6 63. Bg5+ Ke6 64. Kf4 Kd6 65. Bf6 Ke6 66. Kg5 Kf7 67. Bc3 Kg8 68. Kxg6 1-0

[Event "Douai op"]
[Site "Douai"]
[Date "1993.??.??"]
[Round "6"]
[White "Ciolac, Gheorghe"]
[Black "Houriez, Alain"]
[Result "1-0"]
[WhiteElo "2380"]
[BlackElo "2020"]
[PlyCount "115"]
[EventDate "1993.??.??"]
[EventType "swiss"]
[EventRounds "9"]
[EventCountry "FRA"]
[SourceTitle "EXT 2004"]
[Source "ChessBase"]
[SourceDate "2003.11.25"]
[SourceVersion "1"]
[SourceVersionDate "2003.11.25"]
[SourceQuality "1"]

1. e4 c5 2. Nc3 Nc6 3. Nge2 d6 4. d4 cxd4 5. Nxd4 Nf6 6. g3 Bd7 7. Bg2 Qc8 8. h3 g6 9. Nde2 h5 10. b3 Bg7 11. Bb2 0-0 12. Qd2 b5 13. 0-0-0 a5 14. Nd5 Nxd5 15. Bxg7 Kxg7 16. exd5 Nb4 17. Kb2 Qc5 18. Qd4+ Qxd4+ 19. Nxd4 Rfc8 20. Rhe1 Kf8 21. Rd2 Rc7 22. a3 Na6 23. c3 b4 24. cxb4 axb4 25. a4 Nc5 26. Ra1 Rac8 27. f3 Ke8 28. Bf1 Kf8 29. h4 Ke8 30. Re1 Kf8 31. Bb5 Bxb5 32. Nxb5 Rd7 33. Red1 Na6 34. Rc1 Rxc1 35. Kxc1 Nc5 36. Kc2 Ke8 37. Rd4 Na6 38. Rc4 Kd8 39. Nd4 Rc7 40. Rxc7 Kxc7 41. Kd3 Nc5+ 42. Kc4 e5 43. dxe6 fxe6 44. Nc2 Nd7 45. Kxb4 e5 46. Kb5 Nf6 47. Ne3 e4 48. fxe4 Nxe4 49. Nf1 g5 50. a5 gxh4 51. gxh4 d5 52. b4 Nd6+ 53. Kc5 d4 54. b5 Nf5 55. a6 d3 56. b6+ Kb8 57. Nd2 Nxh4 58. Kc6 1-0